[Event "II Torneio Aberto Internacional de Xadrez de Ferreira do Alentejo"]
[Site "Ferreira do Alentejo - Portugal"]
[Date "2019.12.20"]
[Round "7.1"]
[White "Alekseev, Evgeny"]
[Black "Nie, Xin"]
[Result "1-0"]
[BlackElo "2210"]
[WhiteElo "2620"]
[LiveChessVersion "1.4.8"]

1. Nf3 {[%clk 1:30:53]} d5 {[%clk 1:30:30]} 2. e3 {[%clk 1:31:00]} Nf6
{[%clk 1:30:11]} 3. c4 {[%clk 1:30:53]} e6 {[%clk 1:30:05]} 4. Nc3
{[%clk 1:30:13]} c5 {[%clk 1:28:41]} 5. cxd5 {[%clk 1:28:52]} exd5
{[%clk 1:28:30]} 6. d4 {[%clk 1:28:16]} Nc6 {[%clk 1:28:13]} 7. Bb5
{[%clk 1:25:44]} a6 {[%clk 1:24:35]} 8. Bxc6+ {[%clk 1:24:19]} bxc6
{[%clk 1:25:03]} 9. O-O {[%clk 1:23:18]} Bd6 {[%clk 1:22:15]} 10. dxc5
{[%clk 1:18:55]} Bxc5 {[%clk 1:22:37]} 11. b3 {[%clk 1:18:33]} O-O
{[%clk 1:20:35]} 12. Bb2 {[%clk 1:18:31]} Bg4 {[%clk 1:18:18]} 13. Rc1
{[%clk 1:16:27]} Rc8 {[%clk 1:12:13]} 14. Ne2 {[%clk 1:07:23]} Bd6
{[%clk 1:07:35]} 15. Ng3 {[%clk 0:58:32]} Qe7 {[%clk 1:03:47]} 16. Qd3
{[%clk 0:54:31]} Bxf3 {[%clk 0:52:43]} 17. gxf3 {[%clk 0:54:29]} a5
{[%clk 0:45:53]} 18. Qa6 {[%clk 0:42:10]} Qc7 {[%clk 0:45:49]} 19. Rfd1
{[%clk 0:41:01]} Nd7 {[%clk 0:42:51]} 20. Rxd5 {[%clk 0:37:58]} Bxg3
{[%clk 0:38:11]} 21. hxg3 {[%clk 0:38:06]} cxd5 {[%clk 0:38:38]} 22. Rxc7
{[%clk 0:38:08]} Rxc7 {[%clk 0:39:07]} 23. Qxa5 {[%clk 0:37:19]} Rfc8
{[%clk 0:34:29]} 24. Qxd5 {[%clk 0:36:12]} Nc5 {[%clk 0:34:47]} 25. b4
{[%clk 0:30:46]} Ne6 {[%clk 0:34:56]} 26. b5 {[%clk 0:29:11]} Rd8
{[%clk 0:34:02]} 27. Qb3 {[%clk 0:25:59]} Nc5 {[%clk 0:31:13]} 28. Qa3
{[%clk 0:22:11]} Ne6 {[%clk 0:28:00]} 29. Bc3 {[%clk 0:20:13]} Rc5
{[%clk 0:26:07]} 30. Qb4 {[%clk 0:18:17]} Rdc8 {[%clk 0:26:09]} 31. Bb2
{[%clk 0:17:35]} Rc4 {[%clk 0:26:18]} 32. Qb3 {[%clk 0:17:39]} R4c7
{[%clk 0:23:51]} 33. b6 {[%clk 0:17:07]} Rc5 {[%clk 0:21:58]} 34. a4
{[%clk 0:16:46]} Nd8 {[%clk 0:22:05]} 35. Bd4 {[%clk 0:15:45]} Ra5
{[%clk 0:21:55]} 36. b7 {[%clk 0:14:40]} Rb8 {[%clk 0:22:01]} 37. Bb6
{[%clk 0:14:59]} Rxb7 {[%clk 0:22:12]} 38. Qd3 {[%clk 0:15:20]} Ra8
{[%clk 0:22:27]} 39. Bxd8 {[%clk 0:15:44]} Rxa4 {[%clk 0:22:43]} 40. Bb6
{[%clk 0:15:33]} Ra8 {[%clk 0:21:26]} 41. Qd5 {[%clk 0:14:51]} Rbb8
{[%clk 0:20:50]} 42. Bd4 {[%clk 0:14:48]} h6 {[%clk 0:20:00]} 43. g4
{[%clk 0:15:06]} Rd8 {[%clk 0:18:36]} 44. Qe5 {[%clk 0:15:02]} f6
{[%clk 0:19:02]} 45. Qe6+ {[%clk 0:15:31]} Kh8 {[%clk 0:19:24]} 46. f4
{[%clk 0:15:33]} Ra5 {[%clk 0:17:23]} 47. Bxf6 {[%clk 0:14:11]} Rd1+
{[%clk 0:17:48]} 48. Kg2 {[%clk 0:14:35]} gxf6 {[%clk 0:18:14]} 49. Qc8+
{[%clk 0:14:20]} 1-0

[Event "II Torneio Aberto Internacional de Xadrez de Ferreira do Alentejo"]
[Site "Ferreira do Alentejo - Portugal"]
[Date "2019.12.20"]
[Round "7.2"]
[White "Wesslen, Ulf"]
[Black "Liu, Zhaoqi"]
[Result "0-1"]
[BlackElo "2380"]
[WhiteElo "1932"]
[LiveChessVersion "1.4.8"]

1. d4 {[%clk 1:30:53]} Nf6 {[%clk 1:30:23]} 2. c4 {[%clk 1:31:06]} c5
{[%clk 1:30:33]} 3. d5 {[%clk 1:31:18]} e6 {[%clk 1:30:58]} 4. Nc3
{[%clk 1:31:24]} exd5 {[%clk 1:31:22]} 5. cxd5 {[%clk 1:31:38]} d6
{[%clk 1:31:49]} 6. e4 {[%clk 1:30:59]} g6 {[%clk 1:32:00]} 7. Bd3
{[%clk 1:31:05]} Bg7 {[%clk 1:32:21]} 8. Nge2 {[%clk 1:29:24]} O-O
{[%clk 1:32:29]} 9. h3 {[%clk 1:29:35]} a6 {[%clk 1:32:24]} 10. a4
{[%clk 1:29:36]} Re8 {[%clk 1:32:47]} 11. O-O {[%clk 1:28:58]} Nbd7
{[%clk 1:33:12]} 12. Ng3 {[%clk 1:25:35]} Rb8 {[%clk 1:32:26]} 13. a5
{[%clk 1:19:19]} b5 {[%clk 1:32:27]} 14. axb6 {[%clk 1:19:35]} Qxb6
{[%clk 1:31:24]} 15. Kh1 {[%clk 1:17:50]} h5 {[%clk 1:25:53]} 16. f4
{[%clk 1:14:11]} c4 {[%clk 1:21:00]} 17. Bc2 {[%clk 1:09:43]} Rb7
{[%clk 1:17:41]} 18. Qf3 {[%clk 1:09:06]} h4 {[%clk 1:13:22]} 19. Nge2
{[%clk 1:08:45]} Nc5 {[%clk 1:13:43]} 20. Na4 {[%clk 1:02:01]} Nxa4
{[%clk 1:11:50]} 21. Rxa4 {[%clk 1:02:10]} Bd7 {[%clk 1:10:30]} 22. Ra2
{[%clk 1:00:22]} Bb5 {[%clk 1:09:13]} 23. Be3 {[%clk 0:56:59]} Qd8
{[%clk 1:09:31]} 24. Bd4 {[%clk 0:53:34]} Nh5 {[%clk 0:55:20]} 25. Bxg7
{[%clk 0:50:49]} Kxg7 {[%clk 0:55:39]} 26. Rd1 {[%clk 0:49:49]} Qf6
{[%clk 0:52:56]} 27. Qc3 {[%clk 0:40:44]} Qxc3 {[%clk 0:51:06]} 28. Nxc3
{[%clk 0:38:20]} Nxf4 {[%clk 0:51:01]} 29. Rda1 {[%clk 0:35:02]} Nd3
{[%clk 0:48:11]} 30. Bxd3 {[%clk 0:30:09]} cxd3 {[%clk 0:48:35]} 31. Rd1
{[%clk 0:30:28]} Bc4 {[%clk 0:48:43]} 0-1

[Event "II Torneio Aberto Internacional de Xadrez de Ferreira do Alentejo"]
[Site "Ferreira do Alentejo - Portugal"]
[Date "2019.12.20"]
[Round "7.3"]
[White "Carrasco Martinez, Juan"]
[Black "Malakhatko, Vadim"]
[Result "0-1"]
[BlackElo "2470"]
[WhiteElo "2385"]
[WhiteTeam ""]
[LiveChessVersion "1.4.8"]

1. e4 {[%clk 1:30:56]} e6 {[%clk 1:30:52]} 2. d4 {[%clk 1:31:17]} d5
{[%clk 1:31:16]} 3. Nd2 {[%clk 1:31:43]} c5 {[%clk 1:31:39]} 4. exd5
{[%clk 1:31:25]} Qxd5 {[%clk 1:32:03]} 5. Ngf3 {[%clk 1:31:38]} cxd4
{[%clk 1:32:27]} 6. Bc4 {[%clk 1:31:55]} Qd8 {[%clk 1:32:51]} 7. O-O
{[%clk 1:31:36]} Nc6 {[%clk 1:33:16]} 8. Nb3 {[%clk 1:31:59]} a6 {[%clk 1:33:40]}
9. Nbxd4 {[%clk 1:32:18]} Nxd4 {[%clk 1:34:03]} 10. Nxd4 {[%clk 1:32:40]} Qc7
{[%clk 1:34:27]} 11. Qe2 {[%clk 1:27:59]} Bd6 {[%clk 1:33:48]} 12. Nf3
{[%clk 1:24:33]} Ne7 {[%clk 1:34:02]} 13. Bd3 {[%clk 1:23:07]} Ng6
{[%clk 1:31:37]} 14. h3 {[%clk 1:13:42]} Nf4 {[%clk 1:29:21]} 15. Bxf4
{[%clk 1:13:50]} Bxf4 {[%clk 1:29:46]} 16. Rfd1 {[%clk 1:06:48]} g6
{[%clk 1:24:01]} 17. c3 {[%clk 1:00:50]} O-O {[%clk 1:24:01]} 18. Be4
{[%clk 0:59:08]} Rb8 {[%clk 1:08:05]} 19. Rd4 {[%clk 0:52:57]} b5
{[%clk 1:01:34]} 20. Rad1 {[%clk 0:46:25]} Rb6 {[%clk 0:52:24]} 21. g3
{[%clk 0:44:29]} Bh6 {[%clk 0:51:14]} 22. Bc2 {[%clk 0:37:41]} Bg7
{[%clk 0:50:47]} 23. R4d2 {[%clk 0:37:23]} b4 {[%clk 0:46:25]} 24. cxb4
{[%clk 0:30:32]} Rxb4 {[%clk 0:46:41]} 25. Bd3 {[%clk 0:29:55]} a5
{[%clk 0:43:02]} 26. b3 {[%clk 0:25:33]} Bb7 {[%clk 0:42:54]} 27. Rc2
{[%clk 0:24:22]} Qb8 {[%clk 0:40:08]} 28. Rc4 {[%clk 0:15:58]} Rd8
{[%clk 0:35:23]} 29. Rxb4 {[%clk 0:12:51]} axb4 {[%clk 0:35:37]} 30. Bc2
{[%clk 0:13:06]} Rxd1+ {[%clk 0:35:31]} 31. Bxd1 {[%clk 0:13:28]} Qa8
{[%clk 0:29:31]} 32. Kg2 {[%clk 0:13:54]} Bc3 {[%clk 0:21:41]} 33. Qb5
{[%clk 0:14:10]} Bd5 {[%clk 0:21:20]} 34. Qe2 {[%clk 0:14:23]} Kg7
{[%clk 0:19:15]} 35. Kg1 {[%clk 0:14:49]} h6 {[%clk 0:18:45]} 36. Kg2
{[%clk 0:15:14]} Qa5 {[%clk 0:08:03]} 37. Kg1 {[%clk 0:15:27]} Ba8
{[%clk 0:08:24]} 38. Kg2 {[%clk 0:14:18]} Bb7 {[%clk 0:06:39]} 39. Qc2
{[%clk 0:13:53]} e5 {[%clk 0:06:09]} 40. Kg1 {[%clk 0:11:38]} Bc8
{[%clk 0:01:20]} 41. h4 {[%clk 0:07:08]} Bf5 {[%clk 0:01:38]} 42. Qe2
{[%clk 0:07:33]} Bb1 {[%clk 0:01:35]} 43. h5 {[%clk 0:07:39]} g5 {[%clk 0:01:57]}
44. Qe3 {[%clk 0:07:09]} Qxa2 {[%clk 0:01:22]} 45. Kh2 {[%clk 0:05:22]} Qb2
{[%clk 0:01:21]} 46. Kg1 {[%clk 0:04:23]} e4 {[%clk 0:01:06]} 47. Nxg5
{[%clk 0:04:01]} Bd2 {[%clk 0:00:56]} 48. Ne6+ {[%clk 0:04:21]} fxe6
{[%clk 0:00:59]} 49. Qa7+ {[%clk 0:04:42]} Kh8 {[%clk 0:00:40]} 50. Qd7
{[%clk 0:04:08]} Bg5 {[%clk 0:00:42]} 51. Qe8+ {[%clk 0:04:12]} Kg7
{[%clk 0:01:11]} 52. Qd7+ {[%clk 0:03:59]} Kf8 {[%clk 0:01:23]} 53. Qc8+
{[%clk 0:04:22]} Kf7 {[%clk 0:01:33]} 54. Qd7+ {[%clk 0:04:39]} Be7
{[%clk 0:01:44]} 0-1

[Event "II Torneio Aberto Internacional de Xadrez de Ferreira do Alentejo"]
[Site "Ferreira do Alentejo - Portugal"]
[Date "2019.12.20"]
[Round "7.4"]
[White "Fernandes, Antonio"]
[Black "Maksimenko, Andrei"]
[Result "1/2-1/2"]
[BlackElo "2463"]
[WhiteElo "2361"]
[WhiteTeam "Ax Portugal / Atlantidiag"]
[LiveChessVersion "1.4.8"]

1. Nf3 {[%clk 1:26:28]} d5 {[%clk 1:29:39]} 2. g3 {[%clk 1:26:52]} c6
{[%clk 1:29:12]} 3. Bg2 {[%clk 1:17:00]} Bg4 {[%clk 1:27:27]} 4. d4
{[%clk 1:16:37]} Nd7 {[%clk 1:27:29]} 5. O-O {[%clk 1:14:09]} e6 {[%clk 1:24:49]}
6. c3 {[%clk 1:05:37]} Bd6 7. Re1 {[%clk 1:00:00]} h6 {[%clk 1:06:59]} 8. Qb3
{[%clk 0:58:22]} Rb8 {[%clk 0:43:26]} 9. e4 {[%clk 0:36:58]} Ne7 {[%clk 0:42:25]}
10. Nbd2 {[%clk 0:19:12]} O-O 11. c4 b5 {[%clk 0:27:37]} 12. cxd5
{[%clk 0:10:43]} cxd5 {[%clk 0:25:30]} 13. exd5 {[%clk 0:05:45]} exd5
{[%clk 0:20:08]} 14. Nf1 Be6 {[%clk 0:19:14]} 15. Bd2 {[%clk 0:05:26]} Nc6
{[%clk 0:18:36]} 16. Ne3 {[%clk 0:01:15]} Nf6 {[%clk 0:18:37]} 17. Rec1
{[%clk 0:01:31]} Qb6 18. Qd3 {[%clk 0:01:33]} Rfc8 {[%clk 0:14:06]} 19. Rc2
{[%clk 0:01:44]} Ne7 20. Rac1 {[%clk 0:02:11]} Rxc2 {[%clk 0:11:30]} 21. Rxc2
{[%clk 0:01:40]} Ng4 {[%clk 0:11:11]} 22. Rc1 {[%clk 0:02:01]} Nxe3 23. Qxe3
{[%clk 0:00:45]} Nc6 {[%clk 0:08:13]} 24. a3 {[%clk 0:01:12]} b4 {[%clk 0:06:06]}
25. axb4 Bxb4 {[%clk 0:06:28]} 26. Bxb4 {[%clk 0:01:00]} Nxb4 {[%clk 0:04:58]}
27. Ne5 {[%clk 0:00:38]} Re8 28. Qd2 {[%clk 0:00:58]} a5 {[%clk 0:04:12]} 29. h3
{[%clk 0:00:47]} f6 {[%clk 0:04:41]} 30. Ng6 {[%clk 0:00:47]} Bf5
{[%clk 0:04:41]} 31. Nf4 {[%clk 0:01:06]} Be4 {[%clk 0:04:35]} 32. Re1
{[%clk 0:00:38]} Qc6 33. Bxe4 {[%clk 0:01:01]} dxe4 {[%clk 0:04:37]} 34. d5
{[%clk 0:00:35]} Qd6 {[%clk 0:04:26]} 35. Re2 {[%clk 0:00:43]} Kf7 36. Qd4
{[%clk 0:00:59]} g5 {[%clk 0:03:46]} 37. Nh5 {[%clk 0:00:38]} Qe5
{[%clk 0:03:38]} 38. Rxe4 {[%clk 0:01:07]} Qxd4 {[%clk 0:02:50]} 39. Rxd4
{[%clk 0:01:25]} f5 {[%clk 0:02:21]} 40. d6 {[%clk 0:00:42]} Rd8 {[%clk 0:02:25]}
41. d7 Ke7 {[%clk 0:02:47]} 42. Ng7 {[%clk 0:00:59]} Kf6 43. Ne8+
{[%clk 0:01:35]} Ke7 {[%clk 0:02:35]} 44. Nd6 {[%clk 0:01:51]} Rxd7
{[%clk 0:00:56]} 45. Nxf5+ Ke6 {[%clk 0:01:49]} 46. Rxd7 {[%clk 0:01:31]} Kxd7
{[%clk 0:01:56]} 47. Ne3 {[%clk 0:01:51]} Kc6 {[%clk 0:02:09]} 48. Kf1
{[%clk 0:01:52]} Nd3 {[%clk 0:02:04]} 49. Nd1 {[%clk 0:02:06]} Kc5
{[%clk 0:02:29]} 50. Ke2 {[%clk 0:00:52]} Kd4 {[%clk 0:01:16]} 51. f3
{[%clk 0:00:54]} a4 {[%clk 0:00:40]} 52. Kd2 {[%clk 0:00:41]} Ne5
{[%clk 0:00:38]} 53. Ke2 {[%clk 0:00:36]} Nc4 {[%clk 0:00:49]} 54. h4
{[%clk 0:01:06]} gxh4 {[%clk 0:00:49]} 55. gxh4 {[%clk 0:01:01]} h5
{[%clk 0:00:35]} 56. f4 Ke4 57. Nc3+ {[%clk 0:01:23]} Kxf4 {[%clk 0:01:01]} 58.
Nxa4 {[%clk 0:01:48]} Nxb2 {[%clk 0:01:01]} 59. Nxb2 {[%clk 0:01:48]} Kg4
{[%clk 0:01:01]} 60. Ke3 1/2-1/2

[Event "II Torneio Aberto Internacional de Xadrez de Ferreira do Alentejo"]
[Site "Ferreira do Alentejo - Portugal"]
[Date "2019.12.20"]
[Round "7.5"]
[White "Huhndorf, Arnold"]
[Black "Chatalbashev, Boris"]
[Result "0-1"]
[BlackElo "2542"]
[WhiteElo "2220"]
[LiveChessVersion "1.4.8"]

1. d4 d6 {[%clk 1:31:20]} 2. c4 {[%clk 1:31:08]} e5 {[%clk 1:31:12]} 3. d5
{[%clk 1:29:29]} Na6 {[%clk 1:30:33]} 4. Nc3 {[%clk 1:27:09]} Be7
{[%clk 1:30:35]} 5. g3 {[%clk 1:25:36]} f5 {[%clk 1:30:00]} 6. h4
{[%clk 1:24:49]} Nf6 {[%clk 1:29:50]} 7. Nf3 {[%clk 1:22:57]} O-O
{[%clk 1:28:44]} 8. Bh3 {[%clk 1:07:37]} Nc5 {[%clk 1:23:05]} 9. Be3 Nce4
{[%clk 1:23:27]} 10. Nxe4 {[%clk 1:06:03]} Nxe4 {[%clk 1:10:20]} 11. Qc2
{[%clk 0:41:05]} Kh8 {[%clk 1:02:40]} 12. O-O-O {[%clk 0:37:06]} Bd7
{[%clk 1:01:21]} 13. Kb1 {[%clk 0:29:30]} Rc8 {[%clk 0:50:23]} 14. c5
{[%clk 0:29:46]} c6 {[%clk 0:50:48]} 15. cxd6 {[%clk 0:29:46]} Bxd6
{[%clk 0:42:12]} 16. dxc6 {[%clk 0:28:43]} Rxc6 {[%clk 0:37:15]} 17. Qb3
{[%clk 0:24:42]} Ra6 {[%clk 0:37:06]} 18. Ng5 {[%clk 0:22:23]} Nxg5
{[%clk 0:34:21]} 19. hxg5 {[%clk 0:19:16]} Qe8 {[%clk 0:29:26]} 20. Bg2
{[%clk 0:14:26]} e4 {[%clk 0:29:09]} 21. Qxb7 Bc8 {[%clk 0:29:28]} 22. Qxa6
{[%clk 0:12:31]} Bxa6 {[%clk 0:29:28]} 23. Rxd6 {[%clk 0:12:36]} Bxe2
{[%clk 0:22:43]} 24. g6 h6 25. Bd4 {[%clk 0:11:28]} Qc8 {[%clk 0:19:26]} 26. Bc3
{[%clk 0:06:12]} Rd8 {[%clk 0:17:49]} 27. Rc1 Rxd6 {[%clk 0:13:58]} 28. Bxg7+
{[%clk 0:06:37]} Kxg7 {[%clk 0:14:24]} 29. Rxc8 {[%clk 0:07:02]} Kxg6
{[%clk 0:14:34]} 30. Kc2 {[%clk 0:04:17]} Bd1+ {[%clk 0:10:21]} 31. Kc1
{[%clk 0:03:44]} Bg4 {[%clk 0:09:47]} 32. Kc2 {[%clk 0:03:19]} Kf6
{[%clk 0:09:14]} 33. Bf1 {[%clk 0:02:54]} Ke5 34. Rc5+ {[%clk 0:03:16]} Kd4
{[%clk 0:09:11]} 35. Rc4+ Ke5 {[%clk 0:08:58]} 36. Rc5+ {[%clk 0:03:43]} Kf6
{[%clk 0:09:18]} 37. Bb5 {[%clk 0:03:23]} Rd1 38. Rc6+ Kg5 {[%clk 0:09:33]} 39.
Rc7 {[%clk 0:03:36]} Rh1 {[%clk 0:08:35]} 40. Kd2 {[%clk 0:02:23]} a5 41. Be2
{[%clk 0:01:49]} Rb1 {[%clk 0:08:49]} 42. Rb7 {[%clk 0:01:50]} a4
{[%clk 0:08:29]} 43. Rb4 {[%clk 0:01:03]} h5 {[%clk 0:08:23]} 44. Bxg4
{[%clk 0:01:22]} Kxg4 {[%clk 0:08:50]} 45. Ke2 Kh3 {[%clk 0:05:40]} 46. Ke3
{[%clk 0:00:39]} Kg2 47. Rxa4 {[%clk 0:00:33]} Rxb2 {[%clk 0:05:44]} 48. Ra8
{[%clk 0:01:01]} Rxf2 {[%clk 0:05:53]} 49. Rh8 {[%clk 0:01:28]} Rf3+
{[%clk 0:03:47]} 50. Ke2 Kxg3 51. Rxh5 {[%clk 0:01:52]} Kg4 {[%clk 0:03:56]} 52.
Rh1 {[%clk 0:01:17]} Ra3 {[%clk 0:04:17]} 53. Rg1+ {[%clk 0:01:32]} Kf4
{[%clk 0:04:42]} 54. Rf1+ {[%clk 0:01:54]} Ke5 {[%clk 0:05:07]} 55. Ra1
{[%clk 0:02:15]} f4 {[%clk 0:05:31]} 0-1

[Event "II Torneio Aberto Internacional de Xadrez de Ferreira do Alentejo"]
[Site "Ferreira do Alentejo - Portugal"]
[Date "2019.12.20"]
[Round "7.6"]
[White "Schmitz, Manuela"]
[Black "Guerreiro, Nuno"]
[Result "0-1"]
[BlackElo "2083"]
[WhiteElo "1914"]
[BlackTeam "ADRC Mata de Benfica"]
[LiveChessVersion "1.4.8"]

1. d4 {[%clk 1:30:57]} Nc6 {[%clk 1:30:34]} 2. Nf3 {[%clk 1:31:11]} d5
{[%clk 1:30:21]} 3. g3 {[%clk 1:31:30]} Bf5 {[%clk 1:30:45]} 4. Bg2
{[%clk 1:31:29]} e6 {[%clk 1:31:08]} 5. O-O {[%clk 1:31:34]} Be7 {[%clk 1:31:15]}
6. c3 {[%clk 1:29:34]} h6 {[%clk 1:31:27]} 7. Nbd2 {[%clk 1:26:33]} Nf6
{[%clk 1:30:54]} 8. b3 {[%clk 1:25:53]} O-O {[%clk 1:30:56]} 9. Bb2
{[%clk 1:25:57]} Nb8 {[%clk 1:29:24]} 10. c4 {[%clk 1:24:18]} c6 {[%clk 1:28:40]}
11. Ne5 {[%clk 1:20:32]} Na6 {[%clk 1:27:41]} 12. Rc1 {[%clk 1:19:34]} Nc7
{[%clk 1:27:00]} 13. e3 {[%clk 1:17:59]} Nce8 {[%clk 1:26:58]} 14. Qe2
{[%clk 1:13:38]} Nc7 {[%clk 1:21:06]} 15. f3 {[%clk 1:12:03]} Bh7
{[%clk 1:20:35]} 16. e4 {[%clk 1:10:35]} Nd7 {[%clk 1:14:19]} 17. Nxd7
{[%clk 1:01:52]} Qxd7 {[%clk 1:14:32]} 18. f4 {[%clk 0:54:16]} Rfe8 19. Qf3
{[%clk 0:54:27]} Bb4 {[%clk 1:01:31]} 20. Bc3 Bxc3 {[%clk 1:01:04]} 21. Qxc3
{[%clk 0:54:49]} Rad8 {[%clk 1:00:56]} 22. cxd5 {[%clk 0:54:01]} exd5
{[%clk 1:01:12]} 23. e5 {[%clk 0:53:13]} Bf5 {[%clk 1:00:40]} 24. a4
{[%clk 0:50:31]} Bg4 {[%clk 0:57:20]} 25. Rf2 {[%clk 0:47:53]} Bf5
{[%clk 0:53:08]} 26. Nf1 {[%clk 0:43:51]} Be4 {[%clk 0:52:12]} 27. Nd2
{[%clk 0:43:43]} f5 {[%clk 0:51:51]} 28. b4 {[%clk 0:42:25]} Ne6 {[%clk 0:49:20]}
29. Nb3 {[%clk 0:42:12]} Nf8 {[%clk 0:45:36]} 30. Rff1 {[%clk 0:37:46]} Kh8 31.
Qd2 {[%clk 0:34:27]} Re7 {[%clk 0:34:54]} 32. Rc3 {[%clk 0:31:52]} Qe8
{[%clk 0:30:47]} 33. Bf3 {[%clk 0:30:46]} g6 34. Rfc1 {[%clk 0:27:03]} Rg7
{[%clk 0:30:48]} 35. Kf2 {[%clk 0:26:57]} Kh7 {[%clk 0:27:39]} 36. Rg1
{[%clk 0:26:25]} Rdd7 {[%clk 0:21:42]} 37. h4 {[%clk 0:26:30]} Rd8
{[%clk 0:20:52]} 38. Rh1 {[%clk 0:25:53]} Kg8 {[%clk 0:19:07]} 39. Nc5
{[%clk 0:24:13]} Qe7 {[%clk 0:19:05]} 40. Rcc1 {[%clk 0:24:19]} Re8
{[%clk 0:13:27]} 41. Ke3 {[%clk 0:19:58]} Ra8 {[%clk 0:10:19]} 42. Ra1
{[%clk 0:12:36]} Rc8 {[%clk 0:08:28]} 43. Rac1 {[%clk 0:12:34]} b6
{[%clk 0:07:15]} 44. Nb3 {[%clk 0:12:58]} Ne6 {[%clk 0:07:17]} 45. Bxe4
{[%clk 0:10:34]} fxe4 {[%clk 0:06:54]} 46. Rc2 {[%clk 0:10:40]} Rc7
{[%clk 0:05:47]} 47. Rhc1 {[%clk 0:10:47]} g5 {[%clk 0:03:08]} 48. hxg5
{[%clk 0:10:09]} Nxg5 {[%clk 0:02:46]} 49. Rxc6 {[%clk 0:09:13]} Rxc6
{[%clk 0:02:13]} 50. Rxc6 {[%clk 0:09:36]} Nf3 {[%clk 0:01:18]} 51. Qc2
{[%clk 0:04:50]} Rxg3 {[%clk 0:01:15]} 52. Rc8+ {[%clk 0:03:23]} Kf7
{[%clk 0:01:19]} 53. Kf2 {[%clk 0:03:29]} Rg2+ {[%clk 0:01:32]} 54. Kxg2
{[%clk 0:03:36]} Ne1+ {[%clk 0:01:56]} 55. Kg3 {[%clk 0:03:11]} Nxc2
{[%clk 0:02:18]} 56. Rxc2 {[%clk 0:03:38]} Qxb4 {[%clk 0:01:38]} 57. Rc7+
{[%clk 0:02:28]} Kg6 {[%clk 0:01:13]} 58. Rc6+ {[%clk 0:01:57]} Kf7
{[%clk 0:01:05]} 59. Rc7+ {[%clk 0:01:35]} Ke8 {[%clk 0:01:07]} 60. Kg4
{[%clk 0:01:39]} Qxb3 {[%clk 0:01:14]} 61. Kf5 {[%clk 0:01:46]} Qh3+
{[%clk 0:00:52]} 62. Kf6 {[%clk 0:02:10]} e3 {[%clk 0:00:55]} 63. f5
{[%clk 0:01:13]} e2 {[%clk 0:00:52]} 64. Ke6 {[%clk 0:01:33]} Kd8
{[%clk 0:00:38]} 65. Rd7+ {[%clk 0:00:32]} Kc8 {[%clk 0:00:56]} 66. Rxd5
{[%clk 0:00:44]} e1=Q {[%clk 0:01:11]} 0-1

[Event "II Torneio Aberto Internacional de Xadrez de Ferreira do Alentejo"]
[Site "Ferreira do Alentejo - Portugal"]
[Date "2019.12.20"]
[Round "7.7"]
[White "Li, Zhuoling"]
[Black "Schmitz, Andreas Arnold"]
[Result "1/2-1/2"]
[BlackElo "2013"]
[WhiteElo "2158"]
[LiveChessVersion "1.4.8"]

1. e4 e6 {[%clk 1:30:52]} 2. d4 {[%clk 1:31:20]} d5 {[%clk 1:30:02]} 3. Nd2
{[%clk 1:30:41]} Nc6 {[%clk 1:26:26]} 4. Ngf3 {[%clk 1:13:57]} e5
{[%clk 1:25:34]} 5. exd5 {[%clk 1:14:10]} Nxd4 {[%clk 1:25:54]} 6. Nxd4
{[%clk 1:14:15]} exd4 {[%clk 1:26:00]} 7. Bb5+ {[%clk 1:14:22]} Bd7
{[%clk 1:24:56]} 8. Qe2+ {[%clk 1:11:55]} Qe7 {[%clk 1:21:16]} 9. O-O
{[%clk 0:58:14]} O-O-O {[%clk 1:14:43]} 10. Nf3 {[%clk 0:58:40]} Qxe2
{[%clk 1:10:56]} 11. Bxe2 {[%clk 0:42:59]} Nf6 {[%clk 1:10:46]} 12. Nxd4
{[%clk 0:42:05]} Nxd5 {[%clk 1:07:40]} 13. Bc4 {[%clk 0:37:25]} Bg4
{[%clk 1:06:07]} 14. c3 {[%clk 0:29:55]} c5 {[%clk 1:04:33]} 15. Nc2
{[%clk 0:24:13]} Be6 {[%clk 1:02:39]} 16. Bg5 {[%clk 0:23:54]} f6
{[%clk 0:52:40]} 17. Bh4 {[%clk 0:21:37]} Bf5 {[%clk 0:51:15]} 18. Bxd5
{[%clk 0:21:42]} Bxc2 {[%clk 0:49:12]} 19. c4 {[%clk 0:21:22]} Bd6
{[%clk 0:47:58]} 20. Bg3 {[%clk 0:21:22]} Bxg3 {[%clk 0:43:20]} 21. hxg3
{[%clk 0:21:42]} Rhe8 {[%clk 0:41:39]} 22. Rfe1 {[%clk 0:21:14]} Bg6
{[%clk 0:41:14]} 23. f3 {[%clk 0:21:40]} Rxe1+ {[%clk 0:41:14]} 24. Rxe1
{[%clk 0:21:39]} Re8 {[%clk 0:39:42]} 25. Rxe8+ {[%clk 0:21:08]} Bxe8
{[%clk 0:39:48]} 26. Kf2 Kc7 {[%clk 0:40:08]} 27. Ke3 {[%clk 0:20:50]} b6
{[%clk 0:39:06]} 28. f4 {[%clk 0:17:38]} Kd6 {[%clk 0:37:34]} 29. Be4
{[%clk 0:17:27]} h6 {[%clk 0:34:34]} 30. a3 {[%clk 0:17:32]} Bf7 {[%clk 0:33:32]}
31. Kd3 {[%clk 0:16:10]} g5 {[%clk 0:32:14]} 32. Bf5 {[%clk 0:15:51]} Be8
{[%clk 0:31:51]} 33. Ke3 {[%clk 0:16:01]} Bc6 {[%clk 0:32:00]} 34. Be4
{[%clk 0:15:51]} Bd7 {[%clk 0:28:12]} 35. Bd3 {[%clk 0:15:41]} Be6
{[%clk 0:25:44]} 36. Be2 {[%clk 0:15:25]} f5 {[%clk 0:23:08]} 37. Kd3
{[%clk 0:14:51]} Bd7 {[%clk 0:21:25]} 38. Ke3 {[%clk 0:14:21]} g4
{[%clk 0:21:41]} 39. Bd3 Ke6 {[%clk 0:21:59]} 40. Bc2 {[%clk 0:13:39]} Bc6
{[%clk 0:18:05]} 41. Kf2 Bb7 1/2-1/2

[Event "II Torneio Aberto Internacional de Xadrez de Ferreira do Alentejo"]
[Site "Ferreira do Alentejo - Portugal"]
[Date "2019.12.20"]
[Round "7.8"]
[White "Dong, Fabio"]
[Black "Figuero Toro, Julian Francisco"]
[Result "0-1"]
[BlackElo "2240"]
[WhiteElo "1550"]
[WhiteTeam "CX Sintra"]
[BlackTeam "Cx Montemor-O-Velho/Ctga"]
[LiveChessVersion "1.4.8"]

1. c4 {[%clk 1:30:57]} g6 {[%clk 1:30:47]} 2. Nc3 {[%clk 1:30:48]} Bg7
{[%clk 1:31:13]} 3. d4 {[%clk 1:30:50]} d6 {[%clk 1:31:22]} 4. Nf3
{[%clk 1:29:24]} Nf6 {[%clk 1:31:18]} 5. e4 {[%clk 1:27:27]} O-O {[%clk 1:31:25]}
6. Be2 {[%clk 1:27:33]} e5 {[%clk 1:31:33]} 7. d5 {[%clk 1:20:02]} a5
{[%clk 1:31:51]} 8. O-O {[%clk 1:18:57]} Na6 {[%clk 1:32:17]} 9. a3
{[%clk 1:17:27]} Nc5 {[%clk 1:31:47]} 10. Nd2 {[%clk 1:12:36]} a4
{[%clk 1:24:18]} 11. Qc2 {[%clk 1:09:22]} Ne8 {[%clk 1:17:27]} 12. b4
{[%clk 1:03:23]} axb3 {[%clk 1:17:43]} 13. Nxb3 {[%clk 1:02:26]} f5
{[%clk 1:17:57]} 14. Nxc5 {[%clk 0:55:20]} dxc5 {[%clk 1:18:18]} 15. Bd3
{[%clk 0:46:10]} Nd6 {[%clk 1:16:27]} 16. exf5 {[%clk 0:40:43]} gxf5
{[%clk 1:16:23]} 17. Bb2 {[%clk 0:35:46]} e4 {[%clk 1:13:16]} 18. Be2
{[%clk 0:31:11]} f4 {[%clk 1:13:24]} 19. Rab1 {[%clk 0:24:34]} f3
{[%clk 1:12:28]} 20. Bd1 {[%clk 0:15:14]} Qg5 {[%clk 1:12:08]} 21. g3
{[%clk 0:14:08]} Qg4 {[%clk 1:11:39]} 0-1